| Tag |
First Indicator |
Second Indicator |
Subfields |
| LEADER |
00000cam a2200000 a 4500 |
| 001 |
in00000070671 |
| 005 |
20151008061844.0 |
| 008 |
800409s1974 mx a b f00010 spam |
| 010 |
|
|
|a 78101351
|
| 035 |
|
|
|a (OCoLC)06303826
|
| 035 |
|
|
|9 AAJ8983AM
|
| 040 |
|
|
|a DLC
|c DLC
|d m.c.
|d TXA
|d UtOrBLW
|
| 043 |
|
|
|a n-mx---
|
| 049 |
|
|
|a TXAM
|c [1244102]
|
| 050 |
0 |
0 |
|a F1219.1.M55
|b S46
|
| 082 |
0 |
|
|a 972.37
|
| 100 |
1 |
|
|a Sepúlveda y Herrera, María Teresa.
|
| 245 |
1 |
4 |
|a Los cargos politicos y religiosos en la region del Lago de Patzcuaro /
|c Maria Teresa Sepulveda y H.
|
| 264 |
|
1 |
|a Mexico :
|b Museo Nacional de Antropologia, Seccion de Etnografia,
|c 1974.
|
| 300 |
|
|
|a 138 pages :
|b illustrations ;
|c 27 cm.
|
| 336 |
|
|
|a text
|b txt
|2 rdacontent
|
| 337 |
|
|
|a unmediated
|b n
|2 rdamedia
|
| 338 |
|
|
|a volume
|b nc
|2 rdacarrier
|
| 490 |
1 |
|
|a Coleccion cientifica / Instituto Nacional de Antropologia e Historia ;
|v 19 : Etnologia
|
| 504 |
|
|
|a Bibliography: pages 129-135.
|
| 650 |
|
0 |
|a Indians of Mexico
|z Mexico
|z Patzcuaro, Lake, Region.
|
| 651 |
|
0 |
|a Patzcuaro, Lake, Region (Mexico)
|x History.
|
| 830 |
|
0 |
|a Colección científica (Instituto Nacional de Antropología e Historia (Mexico)) ;
|v 19.
|
| 830 |
|
0 |
|a Colección científica (Instituto Nacional de Antropología e Historia (Mexico)).
|p Etnología.
|
| 999 |
|
|
|a MARS
|
| 999 |
f |
f |
|s 3c503c30-3cdc-3624-a920-c848deab7740
|i 5e0b3ed4-20b2-32b3-ad8a-6181a6a547a2
|t 0
|
| 952 |
f |
f |
|p ric
|a Texas A&M University
|b Rellis Campus
|c Joint Library Facility
|d Remote Storage
|t 0
|e F1219.1.M55 S46
|h Library of Congress classification
|i unmediated -- volume
|m A14806111092
|
| 998 |
f |
f |
|a F1219.1.M55 S46
|t 0
|l Remote Storage
|